000 00501nam a22001577a 4500
999 _c62690
_d62690
005 20250123152153.0
008 250123s2022 enk||||| |||| 00| 0 eng d
020 _a9780241989678x
041 _aeng
080 _a330.342 : 316.422.44 S-68
100 _aSmil, Vaclav
_924098
245 _aHow the World Really Works:
_bA Scientist’s Guide to Our Past, Present and Future
_cVaclav Smil.
264 _aNew York :
_bPenguin Books,
_c2022.
300 _a326 p.;
_b20 cm.
942 _2udc
_cᲬᲘᲒᲜᲘ